El Finançament de l'autonomia catalana : paraules del President de la Generalitat de Catalunya al Col·legi d'Economistes de Barcelona / Jordi Pujol paraules del President de la Generalitat de Catalunya al Col·legi d'Economistes de Barcelona / Jordi Pujol
Publicado:
Barcelona :
Generalitat de Catalunya, Servei Central de Publicacions de la Presidència ,
1985
Descripción Física:
26 p. ; 22 cm
Colección:
Paraules del President de la Generalitat ; 6
Materias:
Pujol, Jordi -- Discursos
MARC
| LEADER | 00000nam a2200000Ia 4500 | ||
|---|---|---|---|
| 001 | 1456 | ||
| 008 | 160829s1985 xx 000 0 cat d | ||
| 080 | |a M-2-181 | ||
| 110 | 1 | |9 54008 |a Catalunya. |b President (1980-2003 : Pujol) | |
| 245 | |a El Finançament de l'autonomia catalana : |b paraules del President de la Generalitat de Catalunya al Col·legi d'Economistes de Barcelona / Jordi Pujol | ||
| 260 | |a Barcelona : |b Generalitat de Catalunya, Servei Central de Publicacions de la Presidència, |c 1985 | ||
| 300 | |a 26 p. ; |c 22 cm | ||
| 490 | |a Paraules del President de la Generalitat ; 6 | ||
| 650 | |a Pujol, Jordi |x Discursos |9 31652 | ||
| 901 | |a Arxiu | ||
| 942 | |n 1 |2 udc | ||
| 952 | |0 0 |1 0 |4 0 |6 M2181 |7 1 |9 43554 |a Arxiu |b Arxiu |d 2016-12-01 |l 0 |o M-2-181 |p 1456 |r 2016-12-01 00:00:00 |w 2016-12-01 |y ARXIU | ||
| 999 | |c 46100 |d 46100 | ||